[Event "GRE-chT 50th"]
[Site "Nikaia"]
[Date "2023.08.28"]
[Round "5.9"]
[White "Soukarie, Zorz"]
[Black "Schetakis, Georgios"]
[Result "1-0"]
[WhiteElo "1580"]
[BlackElo "1306"]
[PlyCount "65"]
[EventDate "2023.08.25"]
[EventType "team"]
[EventRounds "9"]
[EventCountry "GRE"]
[SourceTitle "EXT 2024"]
[Source "ChessBase"]
[SourceDate "2023.10.10"]
[SourceVersion "1"]
[SourceVersionDate "2023.10.10"]
[SourceQuality "1"]
[WhiteTeam "Piraikos"]
[BlackTeam "Khanion"]
[WhiteTeamCountry "GRE"]
[BlackTeamCountry "GRE"]

1. e4 c5 2. Nf3 e6 3. d4 cxd4 4. Nxd4 Nf6 5. Nc3 d6 6. Be2 a6 7. a4 Qc7 8. Be3 Nc6 9. 0-0 Be7 10. Kh1 Nxd4 11. Bxd4 b6 12. Bf3 Rb8 13. Qe2 0-0 14. e5 Nd7 15. exd6 Bxd6 16. h3 Bb7 17. Bxb7 Qxb7 18. Ne4 Bc5 19. Bc3 f5 20. Nd6 Bxd6 21. Qxe6+ Kh8 22. Qxd6 Nc5 23. f3 Rbd8 24. Qf4 Ne6 25. Qe5 Ng5 26. Rae1 Rd7 27. h4 Rd5 28. Qg3 f4 29. Qg4 Qc7 30. hxg5 Qc5 31. Qe6 h6 32. Qxh6+ Kg8 33. Qxg7# 1-0

[Event "GRE-ch U16"]
[Site "Peristeri"]
[Date "2023.07.06"]
[Round "6"]
[White "Karanasios, Dimosthenis"]
[Black "Soukarie, Zorz"]
[Result "1/2-1/2"]
[WhiteElo "1256"]
[BlackElo "1649"]
[PlyCount "103"]
[EventDate "2023.07.03"]
[EventType "swiss"]
[EventRounds "9"]
[EventCountry "GRE"]
[SourceTitle "EXT 2024"]
[Source "ChessBase"]
[SourceDate "2023.10.10"]
[SourceVersion "1"]
[SourceVersionDate "2023.10.10"]
[SourceQuality "1"]

1. f4 d5 2. Nf3 Nf6 3. e3 Bg4 4. Be2 Bxf3 5. Bxf3 Nbd7 6. b3 e5 7. fxe5 Nxe5 8. Bb2 Bd6 9. Qe2 0-0 10. 0-0 Re8 11. c4 c6 12. d4 Ng6 13. Qd3 Qc7 14. h3 Qe7 15. Bc1 Rad8 16. Re1 Bb8 17. Nd2 Qd6 18. Nf1 Ne4 19. Bxe4 Rxe4 20. g3 h5 21. Qd1 h4 22. g4 Rde8 23. Qf3 dxc4 24. bxc4 Qe6 25. Bb2 Nf4 26. Rad1 b5 27. Bc3 bxc4 28. exf4 Bxf4 29. Rxe4 Qxe4 30. Qxe4 Rxe4 31. Kf2 Re7 32. Rb1 f6 33. Rb4 Kf7 34. Rxc4 Rc7 35. Kf3 g5 36. Bd2 Bd6 37. Ne3 Ke6 38. Ba5 Rb7 39. Rxc6 Kd7 40. Rc2 Rb1 41. Nf5 Bb8 42. Re2 Rh1 43. Re7+ Kc6 44. a4 Rxh3+ 45. Ke4 Ra3 46. Re6+ Kd7 47. Kd5 Rxa4 48. Re7+ Kc8 49. Re8+ Kb7 50. Re7+ Ka6 51. Bc3 h3 52. Ke4 1/2-1/2

[Event "GRE-ch U20"]
[Site "Trikala"]
[Date "2023.04.19"]
[Round "2"]
[White "Margaritis, Ioannis M"]
[Black "Soukarie, Zorz"]
[Result "1/2-1/2"]
[WhiteElo "1601"]
[BlackElo "1805"]
[PlyCount "139"]
[EventDate "2023.04.18"]
[EventType "swiss"]
[EventRounds "9"]
[EventCountry "GRE"]
[SourceTitle "EXT 2024"]
[Source "ChessBase"]
[SourceDate "2023.10.10"]
[SourceVersion "1"]
[SourceVersionDate "2023.10.10"]
[SourceQuality "1"]

1. d4 Nf6 2. c4 e6 3. Nc3 Bb4 4. Qc2 d5 5. cxd5 exd5 6. Nf3 Nc6 7. Bf4 Ne4 8. e3 0-0 9. Bd3 Re8 10. 0-0 Bxc3 11. bxc3 Bf5 12. Rab1 Rb8 13. c4 dxc4 14. Qxc4 Nd6 15. Qc2 Bxd3 16. Qxd3 f6 17. h3 Qd7 18. Rfc1 a6 19. Qc2 Re7 20. d5 Ne5 21. Bxe5 fxe5 22. Ng5 g6 23. Ne6 Ne8 24. e4 Qd6 25. Qc5 Qxc5 26. Nxc5 Nd6 27. Nxa6 Rc8 28. Nc5 b6 29. Ne6 Nxe4 30. Rxb6 Rd7 31. Rb5 Nf6 32. a4 Nxd5 33. a5 c6 34. Rbc5 Rd6 35. Ng5 Nf4 36. Rb1 Rd5 37. Ne4 Rxc5 38. Nxc5 Ne2+ 39. Kf1 Nd4 40. Rb7 Nb5 41. a6 Ra8 42. Re7 h6 43. Rxe5 Nc7 44. Re7 Nxa6 45. Nd7 h5 46. Ne5 Rc8 47. Re6 Nb4 48. Rxg6+ Kh7 49. Rg5 c5 50. Rxh5+ Kg7 51. Nc4 Kf6 52. Rh6+ Kg7 53. Rd6 Nc2 54. g4 Nd4 55. h4 Rb8 56. Rb6 Rxb6 57. Nxb6 Nf3 58. h5 Nh2+ 59. Kg2 Nxg4 60. Nd5 c4 61. Kf3 c3 62. Nxc3 Nf6 63. Ne4 Nxh5 64. Kg4 Kg6 65. f3 Ng7 66. f4 Nf5 67. Nc5 Ne3+ 68. Kf3 Nd5 69. Ke4 Nxf4 70. Kxf4 1/2-1/2

[Event "GRE-ch U20"]
[Site "Trikala"]
[Date "2023.04.19"]
[Round "3"]
[White "Soukarie, Zorz"]
[Black "Stoimenidis, Dimitrios"]
[Result "0-1"]
[WhiteElo "1805"]
[BlackElo "1885"]
[PlyCount "62"]
[EventDate "2023.04.18"]
[EventType "swiss"]
[EventRounds "9"]
[EventCountry "GRE"]
[SourceTitle "EXT 2024"]
[Source "ChessBase"]
[SourceDate "2023.10.10"]
[SourceVersion "1"]
[SourceVersionDate "2023.10.10"]
[SourceQuality "1"]

1. e4 c5 2. Nf3 Nc6 3. d4 cxd4 4. Nxd4 g6 5. c4 Bg7 6. Be3 Nf6 7. Nc3 d6 8. Be2 0-0 9. 0-0 Bd7 10. Qd2 Nxd4 11. Bxd4 Bc6 12. f3 a5 13. b3 Nd7 14. Be3 Nc5 15. Rab1 e6 16. Rfc1 Be5 17. g3 Qe7 18. Rc2 f5 19. exf5 Rxf5 20. Rf1 Bg7 21. f4 Rf7 22. Bd3 Rd8 23. Qe2 d5 24. Bf2 d4 25. Nb1 e5 26. fxe5 Bf3 27. Qd2 Bxe5 28. Re1 Qf6 29. Rb2 Bc6 30. Qd1 Rdf8 31. Rbe2 Qf3 0-1

[Event "GRE-ch U18"]
[Site "Larisa"]
[Date "2023.01.03"]
[Round "2"]
[White "Stamatiou, Rodolfos"]
[Black "Soukarie, Zorz"]
[Result "1-0"]
[WhiteElo "2142"]
[BlackElo "1825"]
[PlyCount "91"]
[EventDate "2023.01.02"]
[EventType "swiss"]
[EventRounds "9"]
[EventCountry "GRE"]
[SourceTitle "CBM 212 Extra"]
[Source "ChessBase"]
[SourceDate "2023.03.31"]
[SourceVersion "1"]
[SourceVersionDate "2023.03.31"]
[SourceQuality "1"]

1. c4 e5 2. Nc3 Nf6 3. Nf3 Nc6 4. e3 Be7 5. d4 exd4 6. Nxd4 Nxd4 7. Qxd4 d6 8. b3 Bd7 9. Bb2 Bc6 10. Nd5 Bxd5 11. cxd5 Qd7 12. g4 Qxg4 13. Bb5+ Kd8 14. Qxg4 Nxg4 15. Rg1 Bf6 16. Bxf6+ Nxf6 17. Rxg7 Ke7 18. Rc1 Rac8 19. Bd3 c6 20. dxc6 bxc6 21. Rc4 d5 22. Rf4 Rcd8 23. Rg5 Rd6 24. Ra4 Rd7 25. Ra6 Rc7 26. Re5+ Kd6 27. Rf5 Nd7 28. b4 f6 29. Ke2 Nb8 30. Ra3 Nd7 31. Rc3 Ke6 32. Rh5 h6 33. Bf5+ Kd6 34. Bxd7 Rxd7 35. Rc5 Rb7 36. a3 a6 37. Ra5 Rb6 38. Rh3 Ke5 39. Rg3 h5 40. Rg7 Rc8 41. Rh7 h4 42. Rxh4 Rc7 43. Rh8 Rb5 44. Rxa6 c5 45. Rh5+ f5 46. f4+ 1-0

[Event "Nikaia op 29th"]
[Site "Nikaia"]
[Date "2022.09.07"]
[Round "7"]
[White "Katsanis, Vasileios Dimitrios"]
[Black "Soukarie, Zorz"]
[Result "0-1"]
[WhiteElo "1726"]
[BlackElo "1684"]
[PlyCount "94"]
[EventDate "2022.09.01"]
[EventType "swiss"]
[EventRounds "9"]
[EventCountry "GRE"]
[SourceTitle "CBM 210 Extra"]
[Source "ChessBase"]
[SourceDate "2022.11.30"]
[SourceVersion "1"]
[SourceVersionDate "2022.11.30"]
[SourceQuality "1"]

1. d4 Nf6 2. c4 e6 3. Nc3 Bb4 4. Bd2 0-0 5. Nf3 b6 6. g3 Bb7 7. Bg2 d5 8. cxd5 exd5 9. 0-0 Nbd7 10. a3 Bxc3 11. Bxc3 Ne4 12. Nd2 Ndf6 13. Bb4 Re8 14. a4 a5 15. Ba3 Qd7 16. Rc1 Rac8 17. b3 Ba6 18. Re1 Nxf2 19. Qc2 Nh3+ 20. Bxh3 Qxh3 21. Nf3 Ne4 22. e3 Re6 23. Qg2 Qxg2+ 24. Kxg2 c5 25. Rc2 f6 26. Rd1 c4 27. bxc4 Rxc4 28. Rxc4 Bxc4 29. Rc1 Kf7 30. Nh4 g6 31. Kf3 Nd2+ 32. Kf2 Ke8 33. Rc2 Ne4+ 34. Kf3 Kd7 35. Rb2 Nc3 36. Ng2 Nxa4 37. Nf4 Nxb2 38. Nxe6 Kxe6 39. Bxb2 b5 40. Bc3 b4 41. Bd2 Bd3 42. Kf2 Kd6 43. Ke1 Kc6 44. Kd1 Kb5 45. Bc1 Kc4 46. Kd2 a4 47. Bb2 Be4 0-1

[Event "GRE-ch U20"]
[Site "Trikala"]
[Date "2022.08.28"]
[Round "6"]
[White "Kosteas, Frixos Vasileios"]
[Black "Soukarie, Zorz"]
[Result "1/2-1/2"]
[WhiteElo "1368"]
[BlackElo "1684"]
[PlyCount "98"]
[EventDate "2022.08.25"]
[EventType "swiss"]
[EventRounds "9"]
[EventCountry "GRE"]
[SourceTitle "CBM 210 Extra"]
[Source "ChessBase"]
[SourceDate "2022.11.30"]
[SourceVersion "1"]
[SourceVersionDate "2022.11.30"]
[SourceQuality "1"]

1. Nf3 Nf6 2. d4 d5 3. c4 e6 4. g3 Be7 5. Bg2 0-0 6. 0-0 dxc4 7. Qc2 a6 8. a4 Bd7 9. Qxc4 Bc6 10. Qc2 Nbd7 11. Nc3 b5 12. a5 b4 13. Na4 Be4 14. Qd2 Rb8 15. b3 c5 16. Nb2 Qc8 17. Nc4 Qb7 18. Rd1 cxd4 19. Qxd4 Nc5 20. Qb2 Nd5 21. Bf4 Nxf4 22. gxf4 Bf6 23. Nce5 Bd5 24. Ne1 Bxg2 25. Nxg2 Ne4 26. Rac1 Rfd8 27. Ne3 Nxf2 28. Kxf2 Bh4+ 29. Kg1 Qe4 30. N5c4 Qxf4 31. Rf1 Qe4 32. Qe5 Qg6+ 33. Kh1 Rb5 34. Qf4 Bg5 35. Qf3 h6 36. Rcd1 Rxd1 37. Rxd1 Bxe3 38. Nxe3 Rxa5 39. Rg1 Rg5 40. Rf1 Re5 41. Nc4 Rf5 42. Qa8+ Kh7 43. Rg1 Rg5 44. Rxg5 hxg5 45. Nd2 Qf6 46. Qe4+ g6 47. Qxb4 Qf2 48. Qc3 Qe1+ 49. Kg2 Qxe2+ 1/2-1/2

[Event "EU-ch Schools U13"]
[Site "Tornelo INT"]
[Date "2021.12.05"]
[Round "7"]
[White "Alizada, Agshin"]
[Black "Soukarie, Zorz"]
[Result "1/2-1/2"]
[WhiteElo "1348"]
[BlackElo "1578"]
[PlyCount "69"]
[EventDate "2021.12.03"]
[EventType "swiss (rapid)"]
[EventRounds "7"]
[EventCountry "NET"]
[SourceTitle "EXT 2023"]
[Source "ChessBase"]
[SourceDate "2022.10.05"]
[SourceVersion "1"]
[SourceVersionDate "2022.10.05"]
[SourceQuality "1"]

1. e4 e5 2. Nf3 Nc6 3. Bc4 Bc5 4. c3 Nf6 5. d4 exd4 6. e5 d5 7. Bb5 Ne4 8. cxd4 Bb4+ 9. Bd2 Nxd2 10. Nbxd2 Bd7 11. Bd3 Ne7 12. Qe2 c6 13. h3 Ng6 14. Qe3 Qe7 15. 0-0 0-0 16. a3 Ba5 17. b4 Bb6 18. Rae1 Rae8 19. Nb3 Qd8 20. Qd2 Be6 21. Ng5 Qc8 22. f4 Bf5 23. Nc5 Bxc5 24. bxc5 Bxd3 25. Qxd3 f5 26. g3 h6 27. Nf3 Qe6 28. Rb1 Re7 29. Rb3 Rc7 30. Rf2 Rd8 31. Rfb2 Rdd7 32. Qb1 Qf7 33. Qe1 Nf8 34. Qe3 Ne6 35. Rf2 1/2-1/2

[Event "EU-ch Schools U13"]
[Site "Tornelo INT"]
[Date "2021.12.04"]
[Round "4"]
[White "Coicev, Matei Andrei"]
[Black "Soukarie, Zorz"]
[Result "1-0"]
[WhiteElo "2028"]
[BlackElo "1578"]
[PlyCount "105"]
[EventDate "2021.12.03"]
[EventType "swiss (rapid)"]
[EventRounds "7"]
[EventCountry "NET"]
[SourceTitle "EXT 2023"]
[Source "ChessBase"]
[SourceDate "2022.10.05"]
[SourceVersion "1"]
[SourceVersionDate "2022.10.05"]
[SourceQuality "1"]

1. e4 e5 2. Bc4 Nf6 3. d4 exd4 4. Nf3 Bc5 5. c3 0-0 6. 0-0 dxc3 7. Nxc3 d6 8. Bg5 Nc6 9. Nd5 Be6 10. Re1 Re8 11. a3 a6 12. Qd2 Bxd5 13. Bxd5 Ne5 14. Nxe5 dxe5 15. Rad1 c6 16. Qc2 cxd5 17. Qxc5 d4 18. f4 Rc8 19. Qb4 exf4 20. Rxd4 Qc7 21. Qd2 Ng4 22. Bxf4 Qc2 23. h3 Qxd2 24. Bxd2 Ne5 25. Bc3 f6 26. Red1 Nc6 27. Rd7 Rcd8 28. Rxd8 Rxd8 29. Rxd8+ Nxd8 30. Kf2 Kf7 31. Ke3 Ke6 32. Kd4 Kd6 33. Bb4+ Kc6 34. Bd2 Nf7 35. Bf4 b6 36. g4 b5 37. h4 a5 38. g5 fxg5 39. hxg5 h6 40. g6 Nh8 41. Bxh6 Nxg6 42. Bxg7 Nf4 43. Ke3 Ne6 44. Bc3 Kc5 45. Bxa5 Kc4 46. Bc3 Nc5 47. Kf4 Nd3+ 48. Kf5 Nc1 49. e5 Ne2 50. e6 Nxc3 51. bxc3 Kxc3 52. e7 Kb3 53. e8Q 1-0

[Event "EU-ch Schools U13"]
[Site "Tornelo INT"]
[Date "2021.12.03"]
[Round "1"]
[White "Glavac, Leo"]
[Black "Soukarie, Zorz"]
[Result "0-1"]
[WhiteElo "1111"]
[BlackElo "1578"]
[PlyCount "100"]
[EventDate "2021.12.03"]
[EventType "swiss (rapid)"]
[EventRounds "7"]
[EventCountry "NET"]
[SourceTitle "EXT 2023"]
[Source "ChessBase"]
[SourceDate "2022.10.05"]
[SourceVersion "1"]
[SourceVersionDate "2022.10.05"]
[SourceQuality "1"]

1. e4 e5 2. Nf3 Nc6 3. Bb5 a6 4. Ba4 Nf6 5. 0-0 Be7 6. Re1 b5 7. Bb3 0-0 8. c3 d6 9. h3 Na5 10. Bc2 c5 11. d4 Qc7 12. d5 Nc4 13. Nbd2 Nxd2 14. Bxd2 Ne8 15. b3 g6 16. Bh6 Ng7 17. Nh2 f5 18. exf5 Bxf5 19. Bxf5 Rxf5 20. Bxg7 Kxg7 21. Ng4 h5 22. Ne3 Rf7 23. c4 Raf8 24. Re2 Bg5 25. Qd3 Bxe3 26. fxe3 b4 27. e4 Qe7 28. Qg3 Rf6 29. Rae1 Qf7 30. Kh2 Rf1 31. Qg5 Rxe1 32. Rxe1 Qf2 33. Re3 Qf4+ 34. Qg3 h4 35. Qxf4 exf4 36. Rf3 g5 37. Kg1 Re8 38. Kf2 Rxe4 39. Rd3 Kf6 40. Rd2 Kf5 41. Rc2 Re3 42. Rd2 g4 43. hxg4+ Kxg4 44. Rc2 h3 45. gxh3+ Rxh3 46. Re2 Rh2+ 47. Ke1 Rxe2+ 48. Kxe2 Kg3 49. Kf1 Kf3 50. Ke1 Kg2 0-1

[Event "GRE-ch U20"]
[Site "Trikala"]
[Date "2021.08.24"]
[Round "2"]
[White "Soukarie, Zorz"]
[Black "Stefanou, Konstantinos"]
[Result "1/2-1/2"]
[WhiteElo "1536"]
[BlackElo "1936"]
[PlyCount "208"]
[EventDate "2021.08.23"]
[EventType "swiss"]
[EventRounds "9"]
[EventCountry "GRE"]
[SourceTitle "EXT 2022"]
[Source "ChessBase"]
[SourceDate "2021.10.06"]
[SourceVersion "1"]
[SourceVersionDate "2021.10.06"]
[SourceQuality "1"]

1. e4 c5 2. Nf3 Nc6 3. d4 cxd4 4. Nxd4 Nf6 5. Nc3 e5 6. Ndb5 d6 7. Bg5 a6 8. Na3 b5 9. Nd5 Be7 10. Bxf6 Bxf6 11. c3 0-0 12. Be2 Bg5 13. 0-0 Ne7 14. Nxe7+ Qxe7 15. Nc2 Be6 16. Nb4 Rfc8 17. Nd5 Qb7 18. Bf3 a5 19. Qd3 Bxd5 20. exd5 g6 21. Rad1 f5 22. Be2 Rab8 23. f3 b4 24. c4 a4 25. g3 Qa7+ 26. Kg2 Be3 27. Rfe1 Bd4 28. Qb1 a3 29. b3 Bc3 30. Rf1 Re8 31. Bd3 Rb7 32. Rf2 Rf7 33. Re2 h5 34. h4 Ref8 35. Qc1 e4 36. fxe4 f4 37. Rc2 Qd7 38. Rf1 Be5 39. Rcf2 Qg4 40. Rf3 fxg3 41. Rxf7 Rxf7 42. Rxf7 Kxf7 43. Qg5 Qd1 44. Qe3 Qa1 45. Qe2 Kg7 46. Qd2 Qd4 47. Qe2 Qc3 48. Qc2 Qd4 49. Qe2 Qa7 50. Qd2 Qe7 51. Kh3 Qd7+ 52. Kg2 Qa7 53. Qe2 Qd7 54. Qd2 Qg4 55. Qg5 Qxg5 56. hxg5 Kf7 57. Kf3 g2 58. Kxg2 Bf4 59. Kf3 Bxg5 60. e5 dxe5 61. d6 Ke6 62. Bxg6 h4 63. Ke4 Kxd6 64. Bh5 h3 65. Bf3 Bf4 66. Bg4 h2 67. Bf3 Bg3 68. Bg2 Bf2 69. Bf3 Ke6 70. Bg2 Bg1 71. Bh1 Kf6 72. Bg2 Bd4 73. Kd5 Kf5 74. c5 Kf4 75. c6 Bb6 76. Be4 Bc7 77. Bh1 Kg3 78. Kc4 Kf2 79. Kxb4 Kg1 80. Be4 h1Q 81. Bxh1 Kxh1 82. Kc5 Kg2 83. b4 e4 84. b5 e3 85. b6 Bxb6+ 86. Kxb6 e2 87. c7 e1Q 88. c8Q Qb1+ 89. Ka5 Qxa2 90. Qg4+ Kh1 91. Qh3+ Kg1 92. Qg3+ Kf1 93. Qf3+ Qf2 94. Qxa3 Qa7+ 95. Kb4 Qb6+ 96. Ka4 Ke2 97. Qb4 Qa6+ 98. Qa5 Qc4+ 99. Qb4 Qa2+ 100. Kb5 Kd3 101. Qd6+ Kc3 102. Qe5+ Kc2 103. Qe2+ Kb1 104. Qxa2+ Kxa2 1/2-1/2

[Event "GRE-chT Online Rapid op 1st"]
[Site "Tornelo INT"]
[Date "2021.02.21"]
[Round "6.6"]
[White "Balokas, Dimitrios"]
[Black "Soukarie, Zorz"]
[Result "1-0"]
[WhiteElo "2219"]
[BlackElo "1536"]
[PlyCount "75"]
[EventDate "2021.02.20"]
[EventType "team-swiss (rapid)"]
[EventRounds "9"]
[EventCountry "GRE"]
[SourceTitle "EXT 2023"]
[Source "ChessBase"]
[SourceDate "2022.10.05"]
[SourceVersion "1"]
[SourceVersionDate "2022.10.05"]
[SourceQuality "1"]

1. c4 c5 2. Nf3 Nf6 3. Nc3 Nc6 4. e3 d5 5. cxd5 Nxd5 6. Bb5 Nxc3 7. bxc3 Bd7 8. 0-0 e6 9. d4 cxd4 10. cxd4 Be7 11. Rb1 0-0 12. e4 a6 13. Ba4 b5 14. Bb3 Na5 15. Ne5 Nxb3 16. Rxb3 f6 17. Nxd7 Qxd7 18. Rh3 g6 19. Bb2 Rad8 20. Qb3 Rf7 21. Rd1 Qc6 22. d5 exd5 23. exd5 Qd6 24. Re3 Qb4 25. Qc2 Qc5 26. Rc3 Qb6 27. Rc6 Qb7 28. Rc7 Qb6 29. Rc6 Qb7 30. d6 Bf8 31. g3 Rdd7 32. h4 Bg7 33. Rc8+ Rf8 34. Qb3+ Rdf7 35. Rxf8+ Kxf8 36. d7 Rxd7 37. Ba3+ Re7 38. Rd8# 1-0

[Event "GRE-chT Online Rapid op 1st"]
[Site "Tornelo INT"]
[Date "2021.02.21"]
[Round "9.12"]
[White "Soukarie, Zorz"]
[Black "Papadopoulos, Filippos"]
[Result "1/2-1/2"]
[WhiteElo "1536"]
[BlackElo "1426"]
[PlyCount "83"]
[EventDate "2021.02.20"]
[EventType "team-swiss (rapid)"]
[EventRounds "9"]
[EventCountry "GRE"]
[SourceTitle "EXT 2023"]
[Source "ChessBase"]
[SourceDate "2022.10.05"]
[SourceVersion "1"]
[SourceVersionDate "2022.10.05"]
[SourceQuality "1"]

1. Nf3 c5 2. g3 g6 3. Bg2 Bg7 4. 0-0 Nc6 5. c3 Nf6 6. b3 0-0 7. Bb2 d5 8. d4 b6 9. Nbd2 Bb7 10. c4 cxd4 11. Nxd4 Nxd4 12. Bxd4 Qd7 13. e3 dxc4 14. Nxc4 Bxg2 15. Kxg2 Rfd8 16. Qf3 Qd5 17. Rfd1 Qxf3+ 18. Kxf3 Nd5 19. Bxg7 Kxg7 20. Rac1 Nb4 21. a4 Nd3 22. Rb1 e5 23. Ke2 e4 24. Rd2 Nc5 25. Rbd1 Rxd2+ 26. Nxd2 Rd8 27. b4 Nxa4 28. Nxe4 Rxd1 29. Kxd1 a5 30. bxa5 bxa5 31. Kc2 f5 32. Nd6 Nc5 33. f3 Kf6 34. Kc3 Ke6 35. Nc4 Nb7 36. e4 fxe4 37. fxe4 Nc5 38. Nxa5 Nxe4+ 39. Kd4 Ng5 40. Ke3 Kf5 41. Kf2 Ne4+ 42. Kf3 1/2-1/2

[Event "GRE-chT Online Rapid op 1st"]
[Site "Tornelo INT"]
[Date "2021.02.20"]
[Round "4.12"]
[White "Soukarie, Zorz"]
[Black "Koutis, Pavlos"]
[Result "0-1"]
[WhiteElo "1536"]
[BlackElo "1643"]
[PlyCount "146"]
[EventDate "2021.02.20"]
[EventType "team-swiss (rapid)"]
[EventRounds "9"]
[EventCountry "GRE"]
[SourceTitle "EXT 2023"]
[Source "ChessBase"]
[SourceDate "2022.10.05"]
[SourceVersion "1"]
[SourceVersionDate "2022.10.05"]
[SourceQuality "1"]

1. Nf3 c5 2. e4 d6 3. d4 cxd4 4. Nxd4 Nf6 5. Nc3 Nc6 6. Be2 g6 7. Be3 Bg7 8. 0-0 0-0 9. Nb3 a6 10. a4 Be6 11. Nd4 Bd7 12. Kh1 Qc8 13. f3 Ne5 14. Qd2 Nc4 15. Bxc4 Qxc4 16. Rfd1 Qc7 17. Bg5 Bc6 18. Bh6 Nd7 19. Bxg7 Kxg7 20. Nd5 Bxd5 21. exd5 Nf6 22. Ne2 Rac8 23. c3 Qc5 24. Qd4 Qxd4 25. Rxd4 Rc5 26. Rad1 Rfc8 27. Kg1 Rc4 28. Kf2 Rxd4 29. Rxd4 Rc5 30. Ke3 Nxd5+ 31. Kd2 Nf6 32. Ng3 Kf8 33. b4 Rc7 34. a5 Nd7 35. Ne4 Ne5 36. h3 Kg7 37. f4 Nd7 38. g3 Nf6 39. Nxf6 Kxf6 40. c4 Ke6 41. Kd3 f6 42. g4 Rc6 43. Rd5 Kd7 44. f5 e6 45. fxe6+ Kxe6 46. Kd4 Rc8 47. Kd3 Rd8 48. Kd4 Kd7 49. c5 Kc6 50. Kc4 Rd7 51. h4 dxc5 52. Rxc5+ Kd6 53. Rd5+ Ke6 54. Rc5 Rd1 55. Kb3 Rb1+ 56. Ka4 Kd6 57. h5 Rg1 58. hxg6 hxg6 59. Rc8 Rxg4 60. Rb8 Kc7 61. Rf8 f5 62. Rf7+ Kc6 63. Rf6+ Kc7 64. Rf7+ Kb8 65. Rf8+ Ka7 66. Rf6 f4 67. Kb3 Rg3+ 68. Kc4 f3 69. Kc5 g5 70. b5 axb5 71. Kxb5 g4 72. Rf7 Rg1 73. Rg7 f2 0-1

[Event "GRE-ch Online Blitz op 1st"]
[Site "Tornelo INT"]
[Date "2021.02.07"]
[Round "6"]
[White "Pavlidou, Ekaterini"]
[Black "Soukarie, Zorz"]
[Result "1-0"]
[WhiteElo "2147"]
[BlackElo "1463"]
[PlyCount "75"]
[EventDate "2021.02.07"]
[EventType "swiss (blitz)"]
[EventRounds "16"]
[EventCountry "GRE"]
[SourceTitle "EXT 2023"]
[Source "ChessBase"]
[SourceDate "2022.10.05"]
[SourceVersion "1"]
[SourceVersionDate "2022.10.05"]
[SourceQuality "1"]

1. d4 Nf6 2. c4 e6 3. Nc3 d5 4. cxd5 exd5 5. Bg5 Be7 6. e3 h6 7. Bh4 0-0 8. Bd3 c6 9. Nge2 Be6 10. Qc2 Nbd7 11. f3 c5 12. Qd2 cxd4 13. Nxd4 Nc5 14. Bc2 Rc8 15. b4 Na6 16. a3 Nc7 17. 0-0 Nd7 18. Qd3 g6 19. Bg3 Bf6 20. Bxc7 Qxc7 21. Nxe6 Qxc3 22. Nxf8 Nxf8 23. Rac1 Qe5 24. Bb3 Rd8 25. Rc5 Ne6 26. Rxd5 Rxd5 27. Bxd5 Nc7 28. Ba2 Kg7 29. Rc1 Qb2 30. Qc4 Ne6 31. Rb1 Qd2 32. Qb3 Qd6 33. Rd1 Qc7 34. Qc4 Qe7 35. Qe4 Qc7 36. Bxe6 fxe6 37. Qxe6 Qc3 38. Rd7+ 1-0

[Event "GRE-ch Online Blitz op 1st"]
[Site "Tornelo INT"]
[Date "2021.02.07"]
[Round "14"]
[White "Soukarie, Zorz"]
[Black "Antonoglou, Christos"]
[Result "0-1"]
[WhiteElo "1463"]
[BlackElo "1845"]
[PlyCount "110"]
[EventDate "2021.02.07"]
[EventType "swiss (blitz)"]
[EventRounds "16"]
[EventCountry "GRE"]
[SourceTitle "EXT 2023"]
[Source "ChessBase"]
[SourceDate "2022.10.05"]
[SourceVersion "1"]
[SourceVersionDate "2022.10.05"]
[SourceQuality "1"]

1. Nf3 d5 2. d4 Nc6 3. g3 Bg4 4. Bg2 Qd7 5. 0-0 0-0-0 6. b3 h5 7. h4 f6 8. Bb2 Bh3 9. Nbd2 Bxg2 10. Kxg2 g5 11. Rh1 g4 12. Ne1 f5 13. Nd3 Nf6 14. e3 e6 15. c4 Bh6 16. Nc5 Qe7 17. Qe2 e5 18. dxe5 Nxe5 19. Nd3 Nfd7 20. cxd5 Rhe8 21. Rac1 Nxd3 22. Qxd3 Ne5 23. Bxe5 Qxe5 24. Nc4 Qxd5+ 25. Qxd5 Rxd5 26. Rhd1 Red8 27. Nb2 Bg7 28. Rxd5 Rxd5 29. Rd1 Rxd1 30. Nxd1 Kd7 31. f3 Ke6 32. fxg4 fxg4 33. Kf2 Kd5 34. Ke2 Ke4 35. Nf2+ Kd5 36. Kd3 c5 37. Ne4 b5 38. Nd2 a6 39. a4 Be5 40. axb5 axb5 41. e4+ Kc6 42. Nf1 Kb6 43. Ke3 Ka5 44. Kd3 Kb4 45. Kc2 c4 46. bxc4 bxc4 47. Ne3 Bxg3 48. Nf5 Be5 49. Ne3 g3 50. Ng2 Kc5 51. Kd2 Kd4 52. Kc2 Kxe4 53. Kd2 Kf3 54. Ne1+ Kf2 55. Nc2 g2 0-1

[Event "GRE-ch Online Rapid op 1st"]
[Site "Tornelo INT"]
[Date "2021.02.06"]
[Round "7"]
[White "Samaridis, Konstantinos"]
[Black "Soukarie, Zorz"]
[Result "1-0"]
[WhiteElo "1786"]
[BlackElo "1436"]
[PlyCount "121"]
[EventDate "2021.02.06"]
[EventType "swiss (rapid)"]
[EventRounds "8"]
[EventCountry "GRE"]
[SourceTitle "EXT 2023"]
[Source "ChessBase"]
[SourceDate "2022.10.05"]
[SourceVersion "1"]
[SourceVersionDate "2022.10.05"]
[SourceQuality "1"]

1. e4 e5 2. Nf3 Nc6 3. Bb5 a6 4. Ba4 Nf6 5. 0-0 Be7 6. Re1 b5 7. Bb3 0-0 8. c3 d6 9. h3 h6 10. d4 Re8 11. Nbd2 Bf8 12. Bc2 Bb7 13. d5 Nb8 14. b3 Nbd7 15. Nf1 g6 16. Ng3 Rc8 17. Be3 c6 18. c4 cxd5 19. cxd5 Qe7 20. Qd2 Kh7 21. Nh2 Rc7 22. Rac1 Rec8 23. Bb1 Rxc1 24. Rxc1 Rxc1+ 25. Qxc1 Ne8 26. Ng4 h5 27. Nh2 Bg7 28. Nf3 f6 29. Ne1 Qd8 30. Nd3 Qc7 31. Qd2 Bf8 32. f4 exf4 33. Nxf4 Ng7 34. Nfxh5 gxh5 35. e5+ Kg8 36. e6 Ne5 37. Bd4 Be7 38. Qh6 f5 39. Nxf5 Nxf5 40. Bxf5 Bf8 41. Qd2 Bg7 42. Be3 Qe7 43. Bg5 Bf6 44. Bh6 Bg7 45. Be3 Qf6 46. Be4 Qe7 47. Qc1 Bf6 48. Qd1 Qe8 49. Qf1 Qe7 50. Qf5 Qg7 51. Qxh5 Bc8 52. Qe8+ Qf8 53. Bh7+ Kg7 54. Bh6+ Kxh6 55. Qxf8+ Bg7 56. Qxc8 Kxh7 57. Qxa6 Nd3 58. Qxb5 Bd4+ 59. Kf1 Nf4 60. Qd7+ Kg6 61. e7 1-0

[Event "GRE-ch Online Rapid op 1st"]
[Site "Tornelo INT"]
[Date "2021.02.06"]
[Round "2"]
[White "Soukarie, Zorz"]
[Black "Benakis, Ioannis"]
[Result "1-0"]
[WhiteElo "1436"]
[BlackElo "1148"]
[PlyCount "99"]
[EventDate "2021.02.06"]
[EventType "swiss (rapid)"]
[EventRounds "8"]
[EventCountry "GRE"]
[SourceTitle "EXT 2023"]
[Source "ChessBase"]
[SourceDate "2022.10.05"]
[SourceVersion "1"]
[SourceVersionDate "2022.10.05"]
[SourceQuality "1"]

1. e4 e5 2. Nf3 Nc6 3. d4 d6 4. dxe5 Bg4 5. exd6 Bxd6 6. Be2 Bxf3 7. Bxf3 Qd7 8. 0-0 Nf6 9. Nc3 h6 10. Be3 g5 11. Nd5 Nxd5 12. Qxd5 0-0-0 13. h3 Kb8 14. Rfd1 Ne5 15. Be2 g4 16. c4 gxh3 17. g3 Qe6 18. Qxe6 fxe6 19. c5 Be7 20. b4 h5 21. Kh2 h4 22. g4 Rdg8 23. f3 Bg5 24. Bxg5 Rxg5 25. Kxh3 Rg7 26. Rd2 Rf7 27. Rad1 a6 28. Rd8+ Rxd8 29. Rxd8+ Ka7 30. Kxh4 Nxf3+ 31. Bxf3 Rxf3 32. Rd4 Rf4 33. Kg5 e5 34. Rc4 b5 35. cxb6+ Kxb6 36. Kh5 Kb5 37. Rc5+ Kxb4 38. Rxe5 c5 39. g5 Rf8 40. g6 Rh8+ 41. Kg5 Rg8 42. Re7 c4 43. g7 c3 44. Kf6 c2 45. Rc7 Rc8 46. Rxc8 Ka3 47. g8Q c1N 48. Rxc1 Ka4 49. Qb3+ Ka5 50. Rc5# 1-0